00317nam a2200121Ia 4500008004100000041000800041082001600049100002100065245005100086260003600137300001300173365000900186240624s9999 xx 000 0 und d aeng a332.024 MIL aMILEVSKY MOSHE A a7 MOST IMPORTANT EQUATIONS FOR YOUR RETIREMENT c2012aCanadabJohn Wiley & Sons a224 : p. cb30